Central Library OPAC University of Rajshahi

India, Pakistan and Ceylon : (Record no. 64057)

MARC details
000 -LEADER
fixed length control field 00837cem a2200289 a 4500
001 - CONTROL NUMBER
control field 64057
003 - CONTROL NUMBER IDENTIFIER
rucl marc code BD-RjUL
005 - DATE AND TIME OF LATEST TRANSACTION
control field 20211209081251.0
008 - FIXED-LENGTH DATA ELEMENTS--GENERAL INFORMATION
fixed length control field 920707s1953 aca a eng d
035 ## - SYSTEM CONTROL NUMBER
System control number (BD-RjUL)64187
System control number 652636
040 ## - CATALOGING SOURCE
Original cataloging agency ANL
Language of cataloging eng
Transcribing agency ANL
Modifying agency ANL:AM
-- BD-RjUL
041 ## - LANGUAGE CODE
Language code of text/sound track or separate title eng
082 ## - DEWEY DECIMAL CLASSIFICATION NUMBER
Edition number 23
Classification number 954
Author mark and year SPI 1972
100 1# - MAIN ENTRY--PERSONAL NAME
Personal name Spate, O. H. K .
9 (RLIN) 190262
245 10 - TITLE STATEMENT
Title India, Pakistan and Ceylon :
Remainder of title the regions /
Statement of responsibility, etc. O. H. K. Spate, A T A Learmonth and B.H. Farmer
250 ## - EDITION STATEMENT
Edition statement 3rd ed.
260 ## - PUBLICATION, DISTRIBUTION, ETC. (IMPRINT)
Place of publication, distribution, etc. London :
Name of publisher, distributor, etc. Methuen,
Date of publication, distribution, etc. 1972.
300 ## - PHYSICAL DESCRIPTION
Pagination xxvii, 862 p. :
Illustrations ill. ;
Size 23 cm.
500 ## - GENERAL NOTE
General note Includes index
650 ## - SUBJECT ADDED ENTRY--TOPICAL TERM
General subdivision India
Geographic subdivision Sri Lanka
9 (RLIN) 190263
Geographic subdivision Pakistan
9 (RLIN) 190268
700 ## - ADDED ENTRY--PERSONAL NAME
Personal name Learmonth, A.T. A.
Personal name Farmer, B.H.
942 ## - ADDED ENTRY ELEMENTS (KOHA)
Source of classification or shelving scheme Dewey Decimal Classification
Koha item type Books
Holdings
Lost status Source of classification or shelving scheme Damaged status Not for loan Collection code Permanent Location Current Location Shelving location Date acquired Source of acquisition Total Checkouts Full call number Date last seen Copy number Koha item type
  Dewey Decimal Classification   Not For Loan Non-fiction Central Library, University of Rajshahi Central Library, University of Rajshahi Reading Room 06/04/1995 Asia foundation   954 SPI 1972 08/02/2017 C-1 Books